<?xml version="1.0" encoding="UTF-8"?>
<collection xmlns="http://www.loc.gov/MARC21/slim">
 <record>
  <leader>00583nta a2200157 i 4500</leader>
  <controlfield tag="001">dipl54583</controlfield>
  <controlfield tag="005">20151218143948.0</controlfield>
  <controlfield tag="008">151214s1967    hu      om    0||   hun d</controlfield>
  <datafield tag="040" ind1=" " ind2=" ">
   <subfield code="a">SZTE Diploma Repozitórium</subfield>
   <subfield code="b">hun</subfield>
  </datafield>
  <datafield tag="041" ind1=" " ind2=" ">
   <subfield code="a">hun</subfield>
  </datafield>
  <datafield tag="100" ind1="1" ind2=" ">
   <subfield code="a">Pálinkás György</subfield>
  </datafield>
  <datafield tag="245" ind1="1" ind2="3">
   <subfield code="a">Az 1956. évi ellenforradalom és a konszolidáció története Kalocsán</subfield>
   <subfield code="h">[elektronikus dokumentum] /</subfield>
   <subfield code="c">György Pálinkás</subfield>
  </datafield>
  <datafield tag="260" ind1=" " ind2=" ">
   <subfield code="c">1967</subfield>
  </datafield>
  <datafield tag="650" ind1=" " ind2="4">
   <subfield code="a">Bölcsészettudományok</subfield>
  </datafield>
  <datafield tag="700" ind1="1" ind2=" ">
   <subfield code="a">Serfőző Lajos</subfield>
   <subfield code="e">ths</subfield>
  </datafield>
  <datafield tag="856" ind1="4" ind2="0">
   <subfield code="u">http://diploma.bibl.u-szeged.hu/id/eprint/54583/1/1967_palinkas_gyorgy.pdf</subfield>
   <subfield code="z">Dokumentum-elérés </subfield>
  </datafield>
 </record>
</collection>
